History Quiz

Random History or College Quiz

US President Runners-Up Quiz Stats

 Plays Quiz Updated Dec 15, 2020

Support Sporcle.
Go Orange.
Score 0/59 Timer 06:00
0 Plays Today
Year Candidate % Correct
2000Albert Gore
93.6%
1992George Bush
93.1%
2008John McCain
92.6%
2012Mitt Romney
91.6%
2020Donald Trump
91.5%
2016Hillary Clinton
91.4%
1789John Adams
91%
1792John Adams
91%
1960Richard Nixon
90.5%
1820John Quincy Adams
90.2%
1828John Quincy Adams
90.2%
2004John Kerry
89.4%
1980Jimmy Carter
88%
1976Gerald Ford
84.6%
1796Thomas Jefferson
84.2%
1824John Quincy Adams (Jackson had most E.C. votes, but H.O.R. decided the election)
83.4%
1996Robert Dole
83.2%
1912Theodore Roosevelt
83%
1988Michael Dukakis
77.7%
1984Walter Mondale
76%
1932Herbert Hoover
73.1%
1944Thomas Dewey
71.9%
1948Thomas Dewey
71.9%
1888Grover Cleveland
69.6%
1964Barry Goldwater
66.8%
1952Adlai Stevenson
65.8%
1956Adlai Stevenson
65.8%
1892Benjamin Harrison
65.4%
1836William H. Harrison
65.2%
1968Hubert Humphrey
64.8%
Year Candidate % Correct
1972George McGovern
64.6%
1800Aaron Burr
57.6%
1840Martin Van Buren
56.4%
1896William Jennings Bryan
55%
1900William Jennings Bryan
55%
1908William Jennings Bryan
55%
1812DeWitt Clinton
54.5%
1928Al Smith
53.9%
1832Henry Clay
47%
1844Henry Clay
47%
1936Alf Landon
38%
1876Samuel Tilden
37%
1940Wendell Willkie
35.3%
1864George McClellan
32.7%
1860John Breckinridge
30.5%
1924John Davis
28.8%
1920James Cox
27.5%
1856John Fremont
27.2%
1916Charles Evan Hughes
27%
1884James Blaine
24.7%
1804Charles Pinckney
22.9%
1808Charles Pinckney
22.9%
1852Winfield Scott
22.5%
1880Winfield Hancock
21.3%
1816Rufus King
20.6%
1904Alton Parker
20.4%
1848Lewis Cass
18.3%
1868Horatio Seymour
17.4%
1872Thomas A. Hendricks
15.2%

You're not logged in!

Compare scores with friends on all Sporcle quizzes.
OR
Log In

From the Vault

Famous 'AS' Initials

by THEJMAN

These people are as famous as can be.
Remove Ads.
Support Sporcle.
Get the best of Sporcle when you Go Orange. This ad-free experience offers more features, more stats, and more fun while also helping to support Sporcle. Thank you for becoming a member.

Show Comments

Extras

Top Quizzes Today


Score Distribution

Your Account Isn't Verified!

In order to create a playlist on Sporcle, you need to verify the email address you used during registration. Go to your Sporcle Settings to finish the process.

Report this User

Report this user for behavior that violates our Community Guidelines.

Details: